000 00470nam a2200181Ia 4500
005 20250923144258.0
008 008 250917s9999 xx 000 0 eng d
037 _aTextual
040 _aDSWL
_beng
_cDSWL
041 _aeng
_2eng
084 _qDSWL
100 _aStark, W.
_9823170
245 0 _aAmerica ideal and reality
_cby W. Stark
260 _aLondon
_bKegan Paul
_c1947
300 _a115 p.
942 _cTEXL
999 _c1436942
_d1436942